01150njm a2200277 i 4500003000400000005001700004008004100021020001500062040003500077041000800112100005500120245010800175250002300283264003200306300006000338336002700398337003300425338002800458490004000486505013200526521005400658650004500712650004800757650004100805700002600846OSt20201111170410.0180815s2016 ck g 000 0 spa d a9589494374 aCO-BoRNBPbspacCO-BoRNBPerda aspa1 aTolstói, León Nikoláievichd1828-1910eautor10aIván el imbécil y otros cuentoscLeon Tolstoy ; leído por Guillermo Piedrahitah[Registro sonoro] aPrimera edición  1aBogotábYoyo Librosc2016 a3 discos compactos (180 minutos)bsonoro digitalc13 cm atextobtxt2rdacontent asin mediaciónbn2rdamedia avolumenbnc2rdacarrier aAudio libros. Literatura para oír aCD1. Iván el imbecil -- CD2. Emilian, el obrero -- El origen del mal -- El cirio -- El primer destilador -- CD3. Dos ancianos aRecomendado para un público mayor de 15 años.17aCuentos rusosvDiscos compactos 2ARMARC17aLiteratura rusa vDiscos compactos 2ARMARC17aAventurasvDiscos compactos 2ARMARC1 aPiedrahita, Guillermo